Statistics for seven - Taylor Swift (All Lyrics)

Click here to take the quiz!

General Stats

  • This quiz has been taken 20 times
  • The average score is 207 of 218

Answer Stats

Lyrics% Correct
a
100%
always
100%
and
100%
And
100%
at
100%
be
100%
can
100%
come
100%
Cross
100%
dad
100%
haunted
100%
have
100%
heart,
100%
house
100%
I
100%
I,
100%
in
100%
is
100%
I've
100%
live
100%
Love
100%
love
100%
me
100%
meaning
100%
Moon
100%
must
100%
my
100%
no
100%
other
100%
peak
100%
Pennsylvania
100%
picture
100%
pirates
100%
Please
100%
Saturn
100%
seven
100%
should
100%
tell
100%
that
100%
The
100%
the
100%
Then
100%
think
100%
to
100%
trees
100%
under
100%
we
100%
why
100%
with
100%
With
100%
won't
100%
you
100%
your
100%
Your
100%
been
94%
face
94%
Feet
94%
for
94%
high
94%
hit
94%
mad
94%
sky
94%
so
94%
Sweet
94%
was
94%
Any
89%
But
89%
can't
89%
closet
89%
cry
89%
down
89%
forever
89%
got
89%
hide
89%
India
89%
like
89%
on
89%
Or
89%
Our
89%
recall
89%
scream
89%
song
89%
songs
89%
still
89%
summer
89%
tea
89%
though
89%
time
89%
too
89%
used
89%
wanted
89%
will
89%
Are
83%
beautiful
83%
before
83%
braids
83%
ferociously
83%
folk
83%
jump
83%
just
83%
lasts
83%
long
83%
move
83%
over
83%
Passed
83%
passed
83%
pattern
83%
scared
83%
sweater
83%
things?
83%
We'll
83%
civility
78%
creek
78%
dolls
78%
learned
78%
Pack
78%
swing
78%
there
78%
weeds
78%

Score Distribution

Percentile by Number Answered

Percent of People with Each Score

Your Score History

You have not taken this quiz